000 00753cam a22002533a 4500
001 12721
003 PGUSA
005 20140828083256.0
008 040601s2004||||xxu|||||s|||||000 p eng d
040 _aPGUSA
_beng
042 _adc
050 4 _aPR
100 1 _aShakespeare, William,
_d1564-1616
245 1 0 _aSonnet #55
_h[electronic resource] /
_cWilliam Shakespeare
260 _bProject Gutenberg,
_c2004
506 _aCopyrighted. Read the copyright notice inside this book for details.
516 _aElectronic text
653 _aSonnets, English
653 _aEnglish poetry
740 0 _a"Not marble, nor the gilded monuments"
830 0 _aProject Gutenberg
_v12721
856 4 0 _uhttp://www.gutenberg.org/ebooks/12721
942 _cEB
999 _c241976
_d241976